Servomechanisms and regulating system design (Record no. 6189)
[ view plain ]
| 000 -LEADER | |
|---|---|
| fixed length control field | 00636nam a2200205Ia 4500 |
| 003 - CONTROL NUMBER IDENTIFIER | |
| control field | IN-BaIIA |
| 008 - FIXED-LENGTH DATA ELEMENTS--GENERAL INFORMATION | |
| fixed length control field | 211028s9999 xx 000 0 eng d |
| 040 ## - CATALOGING SOURCE | |
| Transcribing agency | IIA Library |
| 080 ## - UNIVERSAL DECIMAL CLASSIFICATION NUMBER | |
| Universal Decimal Classification number | 621-52 |
| Item number | GES-1 |
| 100 ## - MAIN ENTRY--PERSONAL NAME | |
| Personal name | Chestnut, Harold |
| 9 (RLIN) | 8181 |
| 245 #0 - TITLE STATEMENT | |
| Title | Servomechanisms and regulating system design |
| Remainder of title | vol. 1 |
| Statement of responsibility, etc. | Harold Chestnut and Robert W. Mayer |
| 260 ## - PUBLICATION, DISTRIBUTION, ETC. | |
| Place of publication, distribution, etc. | New York |
| Name of publisher, distributor, etc. | John Wiley & Sons |
| Date of publication, distribution, etc. | 1955 |
| 300 ## - PHYSICAL DESCRIPTION | |
| Extent | xiii, 505p. |
| 650 ## - SUBJECT ADDED ENTRY--TOPICAL TERM | |
| Topical term or geographic name entry element | Astronomy and astrophysics thesaurus |
| 650 ## - SUBJECT ADDED ENTRY--TOPICAL TERM | |
| Topical term or geographic name entry element | Servo control |
| 9 (RLIN) | 10664 |
| 650 ## - SUBJECT ADDED ENTRY--TOPICAL TERM | |
| Topical term or geographic name entry element | Servomechanisms |
| 9 (RLIN) | 10665 |
| 650 ## - SUBJECT ADDED ENTRY--TOPICAL TERM | |
| Topical term or geographic name entry element | Stepping motors |
| 9 (RLIN) | 10666 |
| 700 ## - ADDED ENTRY--PERSONAL NAME | |
| Personal name | Mayer, Robert W. |
| 9 (RLIN) | 8184 |
| 942 ## - ADDED ENTRY ELEMENTS (KOHA) | |
| Koha item type | Books |
| Withdrawn status | Lost status | Damaged status | Not for loan | Home library | Current library | Shelving location | Date acquired | Total Checkouts | Full call number | Barcode | Date last seen | Price effective from | Koha item type |
|---|---|---|---|---|---|---|---|---|---|---|---|---|---|
| IIA Library-Bangalore | IIA Library-Bangalore | General Stacks | 07/04/1979 | 621-52/ GES-1 | 6901 | 05/11/2021 | 07/04/1979 | Books |